000 00872nam a22002057a 4500
005 20230512221859.0
008 180427t xxu||||| |||| 00| 0 eng d
040 _cCSPC
082 0 _a344.59901
_bL113
245 0 0 _aThe labor code of the Philippines :
_bPresedential Decree No. 442 : a decree instituting a labor code, thereby revising and consolidating labor and social laws to afford protection to labor, promote employment and human resources development and insure industrial peace based on social justice/
260 _aManila :
_bPhilippine Law Gazette,
_c2007.
300 _a648 pages :
_c26 cm.
500 _aIncludes Index.
650 1 0 _aLabor laws
_zPhilippines.
700 1 _aFoz, Vicente B.
_eeditor.
940 _aaag
942 _cBOOK
_jFIL 344.59901 L113 2007
999 _c3732
_d3732